अखेरचे आत्मचरित्र (Record no. 54397)

MARC details
000 -LEADER
fixed length control field 00657nam a2200181Ia 4500
008 - FIXED-LENGTH DATA ELEMENTS--GENERAL INFORMATION
fixed length control field 090123s9999 xx 000 0 und d
082 ## - DEWEY DECIMAL CLASSIFICATION NUMBER
Item number 16333
Classification number 891.463/बनह
100 ## - MAIN ENTRY--PERSONAL NAME
Personal name बनहट्टी राजेंद्र
245 ## - TITLE STATEMENT
Title अखेरचे आत्मचरित्र
250 ## - EDITION STATEMENT
Edition statement 2
260 ## - PUBLICATION, DISTRIBUTION, ETC. (IMPRINT)
Name of publisher, distributor, etc विशाखा प्रकाशन
Date of publication, distribution, etc 1988
300 ## - PHYSICAL DESCRIPTION
Extent 97
600 ## - SUBJECT ADDED ENTRY--PERSONAL NAME
Personal name बनहट्टी राजेंद्र
630 ## - SUBJECT ADDED ENTRY--UNIFORM TITLE
Uniform title अखेरचे आत्मचरित्र
700 ## - ADDED ENTRY--PERSONAL NAME
Personal name बनहट्टी राजेंद्र
730 ## - ADDED ENTRY--UNIFORM TITLE
Uniform title अखेरचे आत्मचरित्र
942 ## - ADDED ENTRY ELEMENTS (KOHA)
Koha item type Book
Holdings
Withdrawn status Lost status Damaged status Not for loan Home library Current library Date acquired Cost, normal purchase price Total Checkouts Full call number Barcode Date last seen Cost, replacement price Price effective from Koha item type
        Jawahar Wachalanalaya, Kalwa Jawahar Wachalanalaya, Kalwa 03/31/2002 25.00   16333 KLW-16333 01/23/2009 25.00 01/23/2009 Book